00839nam a2200241Ia 450000500170000000800410001702000180005808200200007624501120009625000190020830000270022765000450025465000450029965000350034470000400037994200120041926400280043133600270045933700330048633800280051904000350054799900150058220220317001205.0160825s2007 ck g 000 0 spa  a978958704101204a070.44861bA57a10aAntología de grandes crónicas colombianasbTomo I 1529-1948cseleccionado y prologado por Daniel Samper a2a. edición  a442 páginas c24 cm 142LEMBaCrónicas colombianas y1529-1948142LEMB aReportajes colombianosy1529-1948142LEMB aPeriodismozColombiano 1 aSamper Pizano, Daniela1945- 93980 2ddccBK aBogotábAguilarc2007 atextobtxt2rdacontent asin mediaciónbn2rdamedia avolumenbnc2rdacarrier aCO-BoRNBPbspaerdacCO-BoRNBP c6190d6190